[Event "Mittelrhein Verbandsliga-N 17/18"]
[Site "Nordrheinwestfalen"]
[Date "2017.09.10"]
[Round "1.8"]
[White "Fekete, Gabor"]
[Black "Harringer, Manfred"]
[Result "0-1"]
[WhiteElo "1609"]
[BlackElo "1943"]
[PlyCount "48"]
[EventDate "2017.09.10"]
[EventType "team-swiss"]
[EventRounds "11"]
[EventCountry "GER"]
[SourceTitle "EXT 2022"]
[Source "ChessBase"]
[SourceDate "2021.10.06"]
[SourceVersion "1"]
[SourceVersionDate "2021.10.06"]
[SourceQuality "1"]
[WhiteTeam "Rheinpark BSG"]
[BlackTeam "Bergische SF"]
[WhiteTeamCountry "GER"]
[BlackTeamCountry "GER"]

1. e4 e5 2. Nf3 Nc6 3. Bc4 Nf6 4. d3 Be7 5. Nc3 d6 6. h3 Na5 7. Be3 0-0 8. Nd5 Nxd5 9. Bxd5 c6 10. Bb3 Qc7 11. c3 Nxb3 12. Qxb3 Be6 13. Qc2 h6 14. 0-0 f5 15. exf5 Bxf5 16. Qd2 Bxh3 17. Bxh6 Rxf3 18. gxh3 gxh6 19. Qxh6 Bf8 20. Qe6+ Qf7 21. Qxf7+ Kxf7 22. Kh2 Bh6 23. Kg2 Rxd3 24. Rad1 Rg8+ 0-1

[Event "Mittelrhein Verbandsliga-M 16/17"]
[Site "Nordrheinwestfalen"]
[Date "2017.04.09"]
[Round "10.8"]
[White "Kyritsis, Lasaros"]
[Black "Fekete, Gabor"]
[Result "1-0"]
[WhiteElo "1587"]
[BlackElo "1628"]
[PlyCount "27"]
[EventDate "2016.09.11"]
[EventType "team-tourn"]
[EventRounds "11"]
[EventCountry "GER"]
[SourceTitle "EXT 2022"]
[Source "ChessBase"]
[SourceDate "2021.10.06"]
[SourceVersion "1"]
[SourceVersionDate "2021.10.06"]
[SourceQuality "1"]
[WhiteTeam "Satranc Club"]
[BlackTeam "Rheinpark BSG"]
[WhiteTeamCountry "GER"]
[BlackTeamCountry "GER"]

1. e4 e5 2. Nf3 Nc6 3. Bc4 Bc5 4. c3 Nf6 5. 0-0 d6 6. d4 exd4 7. cxd4 Bb6 8. Nc3 Bg4 9. Be3 Bxf3 10. gxf3 0-0 11. Kh1 Nh5 12. Rg1 Qh4 13. Rg4 Qh3 14. Bf1 1-0